| 000 | 00547nam a22001937a 4500 | ||
|---|---|---|---|
| 005 | 20251108164344.0 | ||
| 008 | 250721s1999 xx 000 0 ara d | ||
| 082 | 1 | 4 | _a649.1/سعو |
| 100 | 1 | _aالسعودي، فتحية | |
| 245 | 1 | 0 |
_aصحة الأطفال : _bدليل الأمهات / |
| 250 | _aط3. | ||
| 264 | 1 |
_aعمان : _bدار المدى، _c1999. |
|
| 650 | 1 | 7 | _aرعاية الطفولة |
| 650 | 1 | 7 | _aالأطفال |
| 650 | 1 | 7 | _aرعاية الحوامل |
| 650 | 1 | 7 | _aالأمهات |
| 942 |
_2ddc _cBK |
||
| 999 |
_c10134 _d10134 |
||